|
|
|
|
| LEADER |
01456nam a2200373 a 4500 |
| 001 |
EBC1099016 |
| 003 |
MiAaPQ |
| 005 |
20200520144314.0 |
| 006 |
m o d | |
| 007 |
cr cn||||||||| |
| 008 |
120126s2012 nyua sb 001 0 eng d |
| 010 |
|
|
|z 2012001512
|
| 020 |
|
|
|z 9781848728707 (hardcover : alk. paper)
|
| 020 |
|
|
|a 9780203136324 (electronic bk.)
|
| 035 |
|
|
|a (MiAaPQ)EBC1099016
|
| 035 |
|
|
|a (Au-PeEL)EBL1099016
|
| 035 |
|
|
|a (CaPaEBR)ebr10638933
|
| 035 |
|
|
|a (CaONFJC)MIL419665
|
| 035 |
|
|
|a (OCoLC)823389105
|
| 040 |
|
|
|a MiAaPQ
|c MiAaPQ
|d MiAaPQ
|
| 050 |
|
4 |
|a HF5549.5.J6
|b H356 2012
|
| 082 |
0 |
4 |
|a 658.3/06
|2 23
|
| 245 |
0 |
4 |
|a The handbook of work analysis
|h [electronic resource] :
|b methods, systems, applications and science of work measurement in organizations /
|c edited by Mark A. Wilson ... [et al.].
|
| 260 |
|
|
|a New York :
|b Routledge,
|c 2012.
|
| 300 |
|
|
|a xl, 778 p. :
|b ill.
|
| 490 |
0 |
|
|a Series in applied psychology
|
| 504 |
|
|
|a Includes bibliographical references and indexes.
|
| 533 |
|
|
|a Electronic reproduction. Ann Arbor, MI : ProQuest, 2015. Available via World Wide Web. Access may be limited to ProQuest affiliated libraries.
|
| 650 |
|
0 |
|a Job analysis.
|
| 650 |
|
0 |
|a Work measurement.
|
| 655 |
|
4 |
|a Electronic books.
|
| 700 |
1 |
|
|a Wilson, Mark A.
|q (Mark Alan),
|d 1952-
|
| 710 |
2 |
|
|a ProQuest (Firm)
|
| 856 |
4 |
0 |
|u https://ebookcentral.proquest.com/lib/matrademy/detail.action?docID=1099016
|z Click to View
|